Catálogo
 En Linea

Trazos de historia venezolana / (Registro nro. 18628)

Detalles MARC
000 -CABECERA
campo de control de longitud fija 00855cam a2200241 a 4500
001 - NÚMERO DE CONTROL
campo de control 000019110
003 - IDENTIFICADOR DEL NÚMERO DE CONTROL
campo de control UkOxU
005 - FECHA Y HORA DE LA ÚLTIMA TRANSACCIÓN
campo de control 20200929165927.0
008 - DATOS DE LONGITUD FIJA--INFORMACIÓN GENERAL
campo de control de longitud fija 890807s1957 ve f000 e spa d
040 ## - FUENTE DE LA CATALOGACIÓN
Centro catalogador/agencia de origen DO-SdBNP
Lengua de catalogación spa
Centro/agencia transcriptor Oxford
Centro/agencia modificador BNPHU
082 ## - NÚMERO DE LA CLASIFICACIÓN DECIMAL DEWEY
Número de clasificación 987.04
Número de documento/Ítem P259t
049 ## - FONDOS LOCALES (OCLC)
Fondos de biblioteca BNGR
100 1# - ENTRADA PRINCIPAL--NOMBRE DE PERSONA
Nombre de persona Parra Pérez, Caracciolo,
Fechas asociadas al nombre 1888-1963.
9 (RLIN) 41122
245 10 - MENCIÓN DE TÍTULO
Título Trazos de historia venezolana /
Mención de responsabilidad, etc. C. Parra-Pérez.
260 ## - PUBLICACIÓN, DISTRIBUCIÓN, ETC.
Lugar de publicación, distribución, etc. Caracas, (Venezuela) :
Nombre del editor, distribuidor, etc. Ministerio de Educación, Dirección de Cultura y Bellas Artes,
Fecha de publicación, distribución, etc. 1957.
300 ## - DESCRIPCIÓN FÍSICA
Extensión 216 p. ;
Dimensiones 18 cm.
490 1# - MENCIÓN DE SERIE
Mención de serie Biblioteca Popular Venezolana
Designación de volumen o secuencia 61
490 1# - MENCIÓN DE SERIE
Mención de serie Azul
651 #4 - PUNTO DE ACCESO ADICIONAL DE MATERIA--NOMBRE GEOGRÁFICO
Nombre geográfico Venezuela
Subdivisión general Historia
Subdivisión cronológica 1810
9 (RLIN) 6710
651 #4 - PUNTO DE ACCESO ADICIONAL DE MATERIA--NOMBRE GEOGRÁFICO
Nombre geográfico Venezuela
Subdivisión general Historia
Subdivisión cronológica GUERRA DE INDEPENDENCIA
-- 1810-1823
9 (RLIN) 41123
830 #0 - PUNTO DE ACCESO ADICIONAL DE SERIE-TÍTULO UNIFORME
Título uniforme Biblioteca Popular Venezolana :
Nombre de parte o sección de la obra Azul,
Designación de volumen o secuencia 61
9 (RLIN) 41124
910 ## - DATOS DE OPCIÓN DEL USUARIO (OCLC)
Datos de opción del usuario Catalogación derivada /Oxford
Existencias
Estado de retiro Estado de pérdida Restricciones de uso No para préstamo Código de colección Localización permanente Ubicación/localización actual Ubicación en estantería Fecha de adquisición Número de inventario Total de préstamos Signatura topográfica completa Código de barras Fecha visto por última vez Precio válido a partir de Tipo de ítem Koha
        Monografías: Libros y Folletos General General En catalogación 25.05.2010 LF1   987.04 P259t 19110-10 25.06.2020 25.06.2020 Préstamo en sala

Con tecnología Koha